00859nam a2200253 a 450000100100000000500170001000800410002702000150006804000250008310000310010824000590013924501010019824600200029925000110031926000370033030000170036749000220038450000320040650500320043856300680047070000210053874000240055983000220058300003669220200930075857.0120125s1987 es 000 0 spa d a8432223611 aDO-SdBNPbspacBNPHU1 aGreene, Grahamd1904-1991.10aThe honorary consul ;atravels with my auntlespañol13aEl cónsul honorario ;bViajes con mi tía /cGraham Greene ; traducción de Enrique Pezzoni.14aObras completas a2a ed. aBarcelona :bSeix Barral,c1987. av. ;c23 cm.1 aSuma literariav9 aLa biblioteca posee el v. 20 gv. 2 --tNarrativa completa aDos obras con encuadernación juntas con paginación continua12aPezzoni, Enrique12aViajes con mi tía 0aSuma literariav9